000 00929pam a2200301 a 4500
001 121524
005 20230410115641.0
008 930805s1994 nyua b 001 0 eng
010 _a93031965
020 _a0812016327
040 _aDLC
_cDLC
_dDLC
050 1 4 _aHF1416
_b.S194 1994
082 0 0 _a658.848
100 1 _aSandhusen, Richard.
245 1 0 _aGlobal marketing /
_cRichard L. Sandhusen.
260 _aHauppauge, N.Y. :
_bBarron's,
_cc1994.
300 _avi, 346 p. :
_bill. ;
_c20 cm.
440 0 _aBarron's business library
504 _aIncluye referencias bibliográficas e indice.
650 0 _aExport marketing
_xManagement.
650 0 _aInternational business enterprises
_xManagement.
650 4 _aCRV
650 4 _aColección René Villarreal.
650 4 _aMarketing de exportación
_xGestión.
650 4 _aEmpresas comerciales internacionales
_xGestión.
942 _2lcc
_cbk
946 _almd
999 _c45349
_d45349